000 nam a22 7a 4500
999 _c332200
_d332200
003 NUST
005 20171117122043.0
008 171117b xxu||||| |||| 00| 0 eng d
020 _a0080418589
040 _c0
082 _a628.5 IND
245 _aIndustrial Wastewater Treatment and Disposal:
_bproceedings of the international specialised conference held in Nicosia Cyprus 20-22 November 1990
_cEditor, E.Malikides
260 _aNew York
_bPergamon
_c1992
300 _a178p.
500 _aP.B
942 _2ddc
_cBK
_kIESE